Харри Поттер ба философийн чулуу (Бичлэгийн дугаар. 923109)
[ энгийн харах ]
| 000 -Удирдлага | |
|---|---|
| Ном зүйн бүртгэл тоо буюу кодлох утгыг агуулсан | 00942nam a22002537a 4500 |
| 008 - ЕРӨНХИЙ МЭДЭЭЛЭЛ-ЭЛЕМЕНТҮҮДИЙН ӨГӨГДЛИЙН УРТ | |
| fixed length control field | 240619b mp ||||| |||| 00| 0 mon d |
| 020 ## - ОЛОН УЛСЫН СТАНДАРТ НОМЫН ДУГААР-ISBN | |
| Олон Улсын Стандарт Номын Дугаар | 978-99973-1-457-4 |
| 035 ## - СИСТЕМИЙН ХЯНАЛТЫН ДУГААР | |
| Системийн хяналтын дугаар | 21335 |
| 040 ## - ЭХ СУРВАЛЖИЙГ ТОДОРХОЙЛОН БИЧИХ | |
| Анхны каталогийн байгууллага | UV1862160 |
| Каталогийн хэл | Монгол |
| Бичлэг хийж нэвтрүүлэх байгууллага | MN-UlNLM |
| Өөрчлүүлэх байгууллага | MN-UlNLM |
| Бичиглэлийн тодорхойлолт | rda |
| 041 ## - ХЭЛНИЙ КОД | |
| Текстийн хэлний код/фонограм буюу салангид гарчиг | Монгол |
| 042 ## - AUTHENTICATION CODE | |
| Authentication code | 52648 |
| 082 ## - ДЬЮИ АРАВТЫН АНГИЛЛЫН ДУГААР | |
| Дьюигийн аравтын ангилал | 10-t |
| Classification number | 808.899 |
| Item number | Р.10 |
| 100 ## - ЗОХИОГЧИЙН ХЭСЭГ | |
| Зохиогчийн нэр | Роулинг Ж.К. |
| 245 #0 - ҮНДСЭН ГАРЧИГ | |
| Гарчиг | Харри Поттер ба философийн чулуу |
| 264 ## - ГАРАЛТЫН МЭДЭЭ | |
| Хэвлэгдсэн газар | УБ |
| Бүтээгч, хэвлэгч, түгээгч, үйлдвэрлэгчийн нэр | Монсудар |
| Хэвлэгдсэн он | 2014 |
| 300 ## - ТООНЫ МЭДЭЭ | |
| Хуудасны тоо | 341х. |
| 336 ## - АГУУЛГЫН ТӨРӨЛ | |
| Нөөц | rdacontent |
| Агуулгын төрлийн нөхцөл | text |
| Агуулгын төрлийн код | txt |
| 337 ## - MEDIA TYPE | |
| Эх сурвалж | rdamedia |
| Файлын төрөл | unmediated |
| Файлын код | n |
| 338 ## - CARRIER TYPE | |
| Source | rdacarrier |
| Carrier type term | volume |
| Carrier type code | nc |
| 490 ## - БОТИЙН/ЦУВРАЛЫН ТУХАЙ МЭДЭЭ | |
| Ботийн/Цувралын дугаар | 1 |
| 650 ## - Сэдэв | |
| Сэдэв | «Хогвартс” ид шидийн ухааны сургуулийн тухай хэзээ ч сонсож байгаагүй ХАРРИ ПОТТЕР Улаан төгөлийн гудамжны дөрвөн тоотод амьдард... |
| 942 ## - ЭЛЕМЕНТИЙН ТӨРӨЛ | |
| Анги | Аравтын ангилал |
| Төрөл | Ном |
| Буцаан татагдсан төлөв | Хасагдсан шалтгаан | Гэмтсэн төлөв | Данс заагч | Захиалах боломжгүй | Үндсэн номын сан | Одоогийн байршил | Салбар танхим | Салбар танхим | Бүртгэсэн огноо | Тавиурын заалт | Баркод | Үнэ | Хамгийн сүүлд байсан огноо | Нийт уншлаганд гарсан тоо | Дансны дугаар | Төрөл |
|---|---|---|---|---|---|---|---|---|---|---|---|---|---|---|---|---|
| Өвөрхангай аймаг | Өвөрхангай аймаг | Өвөрхангай | Хүүхдийн уншлагын танхим | Өвөрхангай | Хүүхдийн уншлагын танхим | 2024-06-20 | 808.899 Р.10 | UV18621335-2-1 | 24900.00 | 2024-06-20 | 50181 | Ном | ||||||
| Өвөрхангай аймаг | Өвөрхангай аймаг | Өвөрхангай | Өргөө-2 | Өвөрхангай | Өргөө-2 | 2024-06-20 | 808.899 Р.10 | UV18621335-3-1 | 24900.00 | 2024-06-20 | 50182 | Ном | ||||||
| Өвөрхангай аймаг | Өвөрхангай аймаг | Өвөрхангай | Боловсрол танхим | Өвөрхангай | Боловсрол танхим | 2024-06-20 | 808.899 Р.10 | UV18621335-4-1 | 24900.00 | 2024-06-20 | 51366 | Ном | ||||||
| Өвөрхангай аймаг | Өвөрхангай аймаг | Өвөрхангай | Гэрээр олгох танхим | Өвөрхангай | Гэрээр олгох танхим | 2024-06-20 | 808.899 Р.10 | UV18621335-5-1 | 24900.00 | 2024-06-20 | 47073 | Ном |